| 000 | 00935nam a22002297a 4500 | ||
|---|---|---|---|
| 999 |
_c13286 _d13286 |
||
| 003 | AR-CdUCM | ||
| 008 | 190411b ||||| |||| 00| 0 spa d | ||
| 040 |
_aMUNICIPALIDAD PROVINCIAL DEL CUSCO _cBIBLIOTECA MUNICIPAL DEL CUSCO |
||
| 082 |
_a338.19 / _bB68 |
||
| 100 |
_aBoerger, Alberto _931624 |
||
| 245 | _aAbastecimiento mundial y agricultura moderna / | ||
| 260 |
_aBarcelona : _bSalvat Editores, _c1957. |
||
| 300 |
_aXXIII, 808 páginas ; _btablas, mapas, figuras, _c22 cm. |
||
| 440 |
_aColección Agrícola Salvat. _919352 |
||
| 505 | _aContenido: Escasez, miseria y hambre -- Movimiento demográfico --Teoría y realidad de la doctrina de Malthus -- Mecanización y energéticos -- La extensión de la superficie cultivada ... | ||
| 650 |
_aAbastecimiento de alimentos _96017 |
||
| 650 |
_aAgricultura _9320 |
||
| 650 |
_aGenética _95063 |
||
| 650 |
_aQuímica _94512 |
||
| 942 |
_2ddc _cLIBROS |
||
| 945 |
_aachl _d2019-04-11 |
||